| 000 | 00998cam a22003253a 4500 | ||
|---|---|---|---|
| 001 | 3547 | ||
| 005 | 20250825133810.0 | ||
| 020 | _a1416903070 (pbk.) | ||
| 020 | _a0590339656 | ||
| 040 |
_aBKX _cBKX _dXY4 _dBAKER _dOCLCQ _dDLC _beng |
||
| 050 | 0 | 0 | _aPZ7.A778 |
| 082 | 0 | 4 | _a800 |
| 100 | 1 | _aAsch, Frank | |
| 245 | 1 | 0 |
_aHappy birthday, Moon / _cFrank Asch |
| 260 |
_aNew York : _bScholastic , _c1982 |
||
| 300 |
_a32 unnumbered pages : _bcolor illustrations ; _c21 cm . |
||
| 490 | _aMoonbear | ||
| 505 | _aH | ||
| 520 | _aWhen a bear discovers that the Moon shares his birthday, he buys the Moon a beautiful hat as a present. | ||
| 521 | 1 |
_a440
_bLexile |
|
| 521 | 1 |
_aH
_bRaz-Plus |
|
| 650 | 0 |
_aBears _vJuvenile fiction |
|
| 650 | 0 |
_aBirthdays _vJuvenile fiction |
|
| 650 | 0 |
_aHats _vJuvenile fiction |
|
| 650 | 1 |
_aBears _vFiction. |
|
| 650 | 1 |
_aBirthdays _vFiction. |
|
| 650 | 1 |
_aHats _vFiction |
|
| 906 |
_a7 _bcbc _ccopycat _d2 _encip _f20 _gy-gencatlg |
||
| 942 |
_2ddc _cBK _n0 |
||
| 999 |
_c3547 _d3547 |
||